000 00468nam a22001937a 4500
003 MPLRDC
005 20220104124504.0
008 210129b ||||| |||| 00| 0 eng d
020 _a7-5015-0680-9
082 _a859.3 SEYL v.5
100 _a杨向红著
245 _a科学童话
_c
250 _a一版一刷
260 _a
_b知识出版社
_c1992
300 _b
490 _a少儿娱乐园书系
650 _a童话故事
942 _cBK
_o859.3 SEYL v.5
999 _c19737
_d19727